Wielki quiz o Fidżi - Statystyki

Ogólne statystyki
  • Ten quiz został rozwiązany 6 razy
  • Średni wynik to 17 z 40
Statystyki odpowiedzi
Wskazówka Odpowiedź % Poprawnych
Języki urzędowe angielski
100%
Największe religie Chrześcijaństwo
100%
Nazwa po angielsku Fiji
100%
Domena internetowa .fj
100%
Największe religie Islam
100%
Stolica Suva
100%
Najbliższe państwa Tonga
100%
Państwo które skolonizowało Fidżi Wielka Brytania
100%
Liczba zamachów stanu na Fidżi 2
80%
Waluta Dolar Fidżi
80%
Ustrój Republika parlamentarna
80%
Ocean, na którym leży Fidżi Spokojny
80%
Najbliższe państwa Tuvalu
80%
Najbliższe państwa Vanuatu
80%
Języki urzędowe fidżyjski
60%
Główne źródła dochodu na Fidżi turystyka
60%
Z ilu w zaokrągleniu do setek wysp składa się Fidżi 300
40%
Zwierzęta w godle gołąb
40%
Największe religie Hinduizm
40%
Zwierzęta w godle lew
40%
Region oceani z Fidżi Melanezja
40%
Pełna nazwa Republika Fidżi
40%
Powierzchnia (tysiące kilometrów kwadratowych) 18
20%
Hymn Boże, błogosław Fidżi
20%
Języki urzędowe hindi {fidżyjskie}
20%
W tym sporcie Fidżi zdobyło złoto na Letnich Igrzyskach Olimpijskich w 2020 roku rugby 7
20%
Stolica jest największym obszarem ______________ na Fidżi zurbanizowanym
20%
Jego wysokość w metrach nad poziomem morza 1324
0%
Rok, w którym Fidżi uzyskało niepodległość 1970
0%
Liczba ludności (tysiące) 885
0%
Dewiza Bój się Boga i czcij Króla
0%
Od listopada do kwietnia to zjawisko przyrodnicze występuje na Fidżi cyklon tropikalny
0%
Największ grupa etniczna na Fidżi Fidżyjczycy
0%
Trzecie największe miasto Lautoka
0%
Największe miasto Nasinu
0%
Główne źródła dochodu na Fidżi rolnictwo
0%
Obecny premier Sitiveni Rabuka
0%
Nazwa najwyższego punktu Tomanivi
0%
Wyspa, na której leży stolica Viti levu
0%
Obecny prezydent Wiliame Katonivere
0%
Nie znaleziono quizów pasujących do podanych kryteriów
Rozkład punktacji
Procent ludzi z każdym wynikiem
Percentyl według liczby udzielonych odpowiedzi
Twoja historia wyników
Nie rozwiązałeś tego quizu